Maestras y maestros en el tiempo : una mirada desde la historia (Record no. 72304)

MARC details
000 -CABECERA
campo de control de longitud fija 00621nam a2200229 a 4500
005 - FECHA Y HORA DE LA ÚLTIMA TRANSACCIÓN
campo de control 20210223123946.0
008 - ELEMENTOS DE LONGITUD FIJA--INFORMACIÓN GENERAL
campo de control de longitud fija 991125n 000 0 spa u
035 ## - NÚMERO DE CONTROL DEL SISTEMA
Número de control de sistema UPN01000086387
100 1# - ASIENTO PRINCIPAL--NOMBRE PERSONAL
Nombre de persona Galván Lafarga, Luz Elena
9 (RLIN) 37756
222 #0 - TÍTULO CLAVE
Título clave REVISTA LATINOAMERICANA DE ESTUDIOS EDUCATIVOS
245 00 - MENCIÓN DE TÍTULO
Título Maestras y maestros en el tiempo : una mirada desde la historia
260 ## - PUBLICACIÓN, DISTRIBUCIÓN, ETC.
Lugar de publicación, distribución, etc. México
300 ## - DESCRIPCIÓN FÍSICA
Extensión 165-191
362 0# - FECHAS DE PUBLICACIÓN Y/O DESIGNACIÓN SECUENCIAL
Fecha de publicación y/o designación secuencial 1996 Vol. 26, no. 2
653 0# - TERMINO DE INDIZACION - NO CONTROLADO
Término no controlado HISTORIA
653 0# - TERMINO DE INDIZACION - NO CONTROLADO
Término no controlado MAESTROS
653 0# - TERMINO DE INDIZACION - NO CONTROLADO
Término no controlado MEXICO
653 0# - TERMINO DE INDIZACION - NO CONTROLADO
Término no controlado SIGLO XIX
653 0# - TERMINO DE INDIZACION - NO CONTROLADO
Término no controlado SIGLO XX
904 ## - ELEMENTOS DE DATOS D LOCAL, LDD (RLIN)
a AC
b 024198
905 ## - TIPO DE MATERIAL
Tipo de material Articulo

No items available.